[Event "8th Asian Continental Open"]
[Site "Subic Bay PHI"]
[Date "2009.05.20"]
[Round "8"]
[White "Dimakiling,O"]
[Black "Nolte,R"]
[Result "1/2-1/2"]
[WhiteElo "2426"]
[BlackElo "2479"]

1.Nf3 d5 2.c4 c6 3.e3 Nf6 4.d4 e6 5.Bd3 Nbd7 6.O-O dxc4 7.Bxc4 Bd6 8.Nc3 O-O
9.a4 e5 10.h3 Qc7 11.Bd2 h6 12.Rc1 exd4 13.exd4 Nb6 14.Ba2 Qd8 15.Re1 Bc7
16.Qc2 a5 17.Bxh6 gxh6 18.Qg6+ Kh8 19.Qxh6+ Nh7 20.Bb1 f5 21.Nh4 Rf6 22.Ng6+ Rxg6
23.Qxg6 Bd7 24.Nb5 cxb5 25.Rxc7 Qxc7  1/2-1/2

[Event "18th CRO-Cup"]
[Site "Sibenik CRO"]
[Date "2009.05.23"]
[Round "4"]
[White "Dizdar,G"]
[Black "Sermek,D"]
[Result "1/2-1/2"]
[WhiteElo "2565"]
[BlackElo "2525"]

1.Nf3 d5 2.c4 d4 3.g3 c5 4.Bg2 Nc6 5.O-O g6 6.d3 Bg7 7.Na3 Nf6 8.Nc2 O-O
9.Rb1 a5 10.b3 e5 11.Bg5 h6 12.Bxf6 Bxf6 13.a3 Be7 14.e3 Bf5  1/2-1/2

[Event "GM"]
[Site "Gyumri ARM"]
[Date "2009.05.24"]
[Round "2"]
[White "Chibukhchian,A"]
[Black "Arutinian,D"]
[Result "1-0"]
[WhiteElo "2467"]
[BlackElo "2548"]

1.Nf3 d5 2.c4 e6 3.d4 Nf6 4.Nc3 Bb4 5.cxd5 exd5 6.Bg5 O-O 7.Rc1 h6 8.Bh4 Nbd7
9.a3 Bxc3+ 10.Rxc3 g5 11.Nxg5 hxg5 12.Bxg5 Re8 13.Qd3 Nf8 14.Qg3 Ng6 15.h4 Ne4
16.Bxd8 Nxg3 17.Rxg3 Rxd8 18.h5 Kg7 19.hxg6 fxg6 20.Re3 c5 21.dxc5 d4 22.Re7+ Kf6
23.Rhh7 Rd5 24.Ref7+ Kg5 25.f4+ Kg4 26.Kf2  1-0

[Event "ch-UKR w"]
[Site "Evpatoria UKR"]
[Date "2009.05.25"]
[Round "3"]
[White "Rudakova,Z"]
[Black "Barantseva,A"]
[Result "1-0"]
[WhiteElo "2026"]
[BlackElo "1892"]

1.Nf3 d5 2.c4 e6 3.e3 Nf6 4.b3 Be7 5.Bb2 O-O 6.Be2 b6 7.O-O Bb7 8.d3 c5 9.Nbd2 Nc6
10.d4 Rc8 11.cxd5 exd5 12.Rc1 Ne4 13.dxc5 Nxc5 14.Nd4 Bf6 15.N2f3 Qd7 16.Ba3 Rfe8
17.Bxc5 bxc5 18.Rxc5 Nxd4 19.exd4 Qd6 20.b4 Ba6 21.Bxa6 Qxa6 22.Qb3 Qe2 23.Qxd5 Rcd8
24.Qc4 Qe4 25.Rc7 Re7 26.Rxe7 Qxe7 27.Re1 Qd6 28.h3 h6 29.Rd1 Rb8 30.b5 Qd7
31.a4 Rc8 32.Qb3 Qc7 33.d5 Be7 34.Qd3 Bd6 35.Nd4 Bc5 36.Nb3 Bd6 37.g3 Be5
38.Rc1 Qd7 39.Rxc8+ Qxc8 40.Kg2 Qb7 41.Qe4 Bd6 42.Nd4 Kf8 43.Nc6 Bc5 44.Qf5 Qc7
45.h4 Qb7 46.Nd8 Qe7 47.Ne6+ Kg8 48.Nxc5 Qxc5 49.Qd3 Qd6 50.Qd4 Qd7 51.d6 Kf8
52.Qd5 Ke8 53.Kf3  1-0

[Event "Subic Open"]
[Site "Subic PHI"]
[Date "2009.05.26"]
[Round "3"]
[White "Dimakiling,O"]
[Black "Simanjuntak,S"]
[Result "1-0"]
[WhiteElo "2426"]
[BlackElo "2260"]

1.Nf3 d5 2.c4 c6 3.g3 Nf6 4.Bg2 Nbd7 5.d4 dxc4 6.O-O Nb6 7.Qc2 Bg4 8.Nbd2 e6
9.Rd1 Be7 10.Nxc4 Bf5 11.Qb3 Nxc4 12.Qxc4 Be4 13.Nh4 Qd5 14.Qxd5 cxd5 15.Bd2 Bxg2
16.Nxg2 Rc8 17.f3 Kd7 18.Nf4 Rc2 19.Rab1 Bd6 20.Nd3 Rhc8 21.Kf2 Ne8 22.Bc3 b6
23.Ne1 R8xc3 24.bxc3 Rxc3 25.Rdc1 Ra3 26.Rc2 Nc7 27.Nd3 f6 28.h4 e5 29.dxe5 fxe5
30.Rb3 Ra4 31.e3 Ne6 32.Rd2 Kc6 33.Kg2 b5 34.f4 e4 35.Nf2 Rc4 36.h5 a5 37.Rb1 Bb4
38.Re2 h6 39.Ng4 Bc3 40.Rf1 Nc5 41.Ne5+ Bxe5 42.fxe5 d4 43.exd4 Rxd4 44.Rc2 Kd5
45.e6 Nxe6 46.Rf5+ Kd6 47.Rxb5 a4 48.Ra5 Ng5 49.Kf2 Ke7  1-0

[Event "TOP 16 Poule Haute"]
[Site "Le Port Marly FRA"]
[Date "2009.05.28"]
[Round "8"]
[White "Clery,N"]
[Black "Palac,M"]
[Result "0-1"]
[WhiteElo "2389"]
[BlackElo "2571"]

1.Nf3 d5 2.c4 d4 3.g3 g6 4.d3 Bg7 5.Bg2 e5 6.O-O Ne7 7.b4 O-O 8.a4 a5 9.b5 c5
10.bxc6 Nexc6 11.Ba3 Nb4 12.Ne1 N8a6 13.Nd2 Ra7 14.Nc2 Re8 15.Bxb4 Nxb4 16.Na3 b6
17.Nb5 Rd7 18.Qb3 Kh8 19.c5 bxc5 20.Qc4 Bf8 21.Nb3 Ba6 22.Rfc1 f5 23.Nxc5 Rc7
24.Qxb4 axb4 25.Nxc7 Qxc7 26.Nxa6 Qa5 27.Nc7 Rc8 28.Ne6 Rxc1+ 29.Rxc1 b3
30.Rc8 Qb4 31.Bd5 b2 32.Nxf8 b1=Q+ 33.Kg2 Kg7 34.Ne6+ Kh6 35.Rc7 Q4e1 36.Kh3 Qf1+
37.Bg2  0-1

[Event "3rd ENCI Limburg Open"]
[Site "Maastricht NED"]
[Date "2009.05.29"]
[Round "1"]
[White "Sundararajan,K"]
[Black "Soors,S"]
[Result "1-0"]
[WhiteElo "2487"]
[BlackElo "2236"]

1.Nf3 d5 2.c4 c6 3.e3 Nf6 4.Nc3 e6 5.b3 Nbd7 6.Qc2 Bd6 7.Bb2 Qe7 8.Be2 O-O
9.O-O dxc4 10.bxc4 e5 11.Ng5 Nc5 12.d4 exd4 13.exd4 Ne6 14.Nxe6 Bxe6 15.Rfe1 Rad8
16.Rad1 Rfe8 17.Bd3 Bxh2+ 18.Kxh2 Ng4+ 19.Kg3 g5 20.Bxh7+ Kg7 21.Nb5 cxb5
22.d5+ Kf8 23.Rxe6 fxe6 24.Kxg4 Qc5 25.Qg6 Qxc4+ 26.Rd4 Qe2+ 27.Kh3 g4+ 28.Rxg4 Ke7
29.Qg7+ Kd6 30.Ba3+ Kxd5 31.Qd4+ Kc6 32.Qc5+  1-0

[Event "3rd ENCI Limburg Open"]
[Site "Maastricht NED"]
[Date "2009.05.30"]
[Round "2"]
[White "Arnaudov,P"]
[Black "Solodovnichenko,Y"]
[Result "1/2-1/2"]
[WhiteElo "2199"]
[BlackElo "2564"]

1.Nf3 d5 2.c4 e6 3.d4 c6 4.e3 Nf6 5.b3 Bb4+ 6.Nbd2 Nbd7 7.Bb2 O-O 8.a3 Bd6
9.Bd3 Qe7 10.Ne5 c5 11.O-O b6 12.Rc1 Bb7 13.Nxd7 Nxd7 14.cxd5 exd5 15.dxc5 Nxc5
16.Qg4 f6 17.Bf5 Rad8 18.b4  1/2-1/2

[Event "ch-UKR w"]
[Site "Evpatoria UKR"]
[Date "2009.05.31"]
[Round "9"]
[White "Gritsayeva,O"]
[Black "Ostroverkhova,E"]
[Result "1/2-1/2"]
[WhiteElo "2325"]
[BlackElo "2036"]

1.Nf3 d5 2.c4 c6 3.e3 Nf6 4.d4 Bg4 5.h3 Bxf3 6.Qxf3 e6 7.Nc3 Bd6 8.Bd3 Nbd7
9.O-O O-O 10.b3 Re8 11.Bb2 dxc4 12.bxc4 e5 13.Qd1 Qe7 14.Rb1 Rad8 15.Qb3 Nf8
16.Ne2 e4 17.Bc2 Ng6 18.Bc3 b6 19.Ng3 Qd7 20.Rbd1 Qc7 21.Nf5 Bf8 22.f4 Ne7
23.Ng3 Nc8 24.a4 Nd6 25.Qa2 Nd7 26.Bb3 c5 27.d5 f5 28.Qb2 g6 29.Ne2 Re7 30.g4 Bg7
31.Ng3 Rf8 32.g5 Bxc3 33.Qxc3 Ree8 34.Rf2 a5 35.Rb1 Nb8 36.Ne2 Na6 37.Qd2 Qg7  1/2-1/2

[Event "3rd ENCI Limburg Open"]
[Site "Maastricht NED"]
[Date "2009.05.31"]
[Round "5"]
[White "Burggraaf,J"]
[Black "Oosterman,M"]
[Result "0-1"]
[WhiteElo "2041"]
[BlackElo "2005"]

1.Nf3 d5 2.c4 c6 3.b3 Bf5 4.Bb2 Nf6 5.d3 e6 6.Nbd2 Nbd7 7.g3 Bd6 8.Bg2 O-O
9.O-O Re8 10.e4 dxe4 11.dxe4 Bxe4 12.Nxe4 Nxe4 13.Qd4 Ndf6 14.Rad1 Bc5 15.Qe5 Bxf2+
16.Kh1 Qb8 17.Qxb8 Raxb8 18.Bxf6 gxf6 19.Nd2 Nc3 20.Ne4 Nxd1 21.Nxf6+ Kf8
22.Nd7+ Ke7 23.Nxb8 Rd8 24.Nxc6+ bxc6 25.Bf3 Bxg3 26.hxg3 Ne3 27.Re1 Nf5
28.g4 Nd4 29.Bd1 c5 30.Kg2 Nc6 31.Bf3 Rd2+ 32.Re2 Rxe2+ 33.Bxe2 Kf6 34.Kg3 Kg5
35.Bf3 Nd4 36.Be4 h6 37.Bb7 a5 38.Bc8 Ne2+ 39.Kf3 Nc1 40.Ke4 Kf6 41.Bd7 Nxa2
42.Ke3 Nc1 43.Ba4 Kg5 44.Kd2 Na2 45.Be8 f6 46.Bd7 e5 47.Kc2 Kf4 48.Kb2 Nb4
49.Kc3 Kf3 50.Bf5 Nc6  0-1

[Event "XXXI Nezhmetdinov Mem"]
[Site "Kazan RUS"]
[Date "2009.06.01"]
[Round "2"]
[White "Isajevsky,A"]
[Black "Gazizov,R"]
[Result "1-0"]
[WhiteElo "2417"]
[BlackElo "2202"]

1.Nf3 d5 2.c4 c6 3.e3 Nf6 4.Nc3 a6 5.d4 g6 6.Bd2 Bg7 7.Rc1 O-O 8.Bd3 Bg4
9.Qb3 Bxf3 10.gxf3 dxc4 11.Qxb7 Nbd7 12.Bxc4 e5 13.Qxc6 exd4 14.exd4 Qe7+
15.Be2 Rfc8 16.Qb7 Rcb8 17.Qc6 Rc8 18.Qa4 Nb6 19.Qa3 Qe8 20.Be3 Nbd5 21.Nxd5 Rxc1+
22.Bxc1 Nxd5 23.Qb3 Nc7 24.Be3 Ne6 25.d5 Nd4 26.Qd3 Nxe2 27.Kxe2 Bxb2 28.d6 Qd7
29.Rb1 Bf6 30.Qd5 Rf8 31.Rb6 a5 32.Rb5 a4 33.Rb7 Qh3 34.d7 Qxh2 35.Bc5 Rb8
36.d8=Q+  1-0

[Event "XXXI Nezhmetdinov Mem"]
[Site "Kazan RUS"]
[Date "2009.06.01"]
[Round "2"]
[White "Sabaev,E"]
[Black "Kupreichik,V"]
[Result "0-1"]
[WhiteElo "2272"]
[BlackElo "2453"]

1.Nf3 d5 2.c4 d4 3.e3 Nc6 4.exd4 Nxd4 5.Nxd4 Qxd4 6.d3 e5 7.Nc3 Bc5 8.Be3 Qd6
9.Be2 Nf6 10.O-O c6 11.a3 O-O 12.b4 Bd4 13.Ne4 Nxe4 14.dxe4 c5 15.Rb1 b6
16.Bxd4 exd4 17.f4 Bb7 18.Bd3 Rfe8 19.Qc2 g6 20.e5 Qc7 21.h4 cxb4 22.axb4 a5
23.h5 axb4 24.hxg6 hxg6 25.Rxb4 Ra3 26.Bxg6 d3 27.Qb2 Rea8 28.Rf2 Ra1+ 29.Kh2 Qe7  0-1

[Event "XXXI Nezhmetdinov Mem"]
[Site "Kazan RUS"]
[Date "2009.06.03"]
[Round "4"]
[White "Zaynutdinov,I"]
[Black "Mokshanov,A"]
[Result "0-1"]
[WhiteElo "1922"]
[BlackElo "2207"]

1.Nf3 d5 2.c4 c6 3.b3 Bg4 4.Ne5 Bf5 5.g3 Nf6 6.Bb2 e6 7.Bg2 Be7 8.O-O O-O
9.d3 Nbd7 10.Nxd7 Qxd7 11.Nc3 e5 12.cxd5 cxd5 13.e4 Bg4 14.f3 Be6 15.exd5 Bxd5
16.Ne4 Bxe4 17.dxe4 Bc5+ 18.Kh1 Qe7 19.Qe2 Rfd8 20.Rfd1 h6 21.f4 Bd6 22.Rd2 Re8
23.Rad1 Bc7 24.f5 a6 25.g4 Red8 26.Rxd8+ Rxd8 27.Rxd8+ Bxd8 28.Qd1 Bb6 29.a3 Qc5
30.b4 Qf2 31.Bxe5 Nxg4 32.Bg3 Qxg2+ 33.Kxg2 Ne3+ 34.Kf3 Nxd1 35.e5 Nc3 36.e6 fxe6
37.fxe6 Nd5 38.Ke4 Ne7  0-1

[Event "ch-UZB"]
[Site "Tashkent UZB"]
[Date "2009.06.05"]
[Round "7"]
[White "Kvon,A"]
[Black "Hamrakulova,Y"]
[Result "1-0"]
[WhiteElo "2425"]
[BlackElo "2191"]

1.Nf3 d5 2.c4 dxc4 3.e4 Nf6 4.e5 Nd5 5.Bxc4 e6 6.Nc3 Nb6 7.Bb3 Be7 8.O-O c5
9.d4 c4 10.Bc2 Nc6 11.a3 a6 12.Qe2 h6 13.Rd1 Na5 14.Be3 Nd5 15.Nd2 b5 16.Nxd5 exd5
17.f4 Qb6 18.f5 Bg5 19.Nb1 Bxe3+ 20.Qxe3 Bb7 21.Qg3 O-O-O 22.Qxg7 Rdf8 23.Qg3 Rhg8
24.Qf4 b4 25.axb4 Qxb4 26.Qd2 Qxd2 27.Rxd2 Nc6 28.Nc3 Rg4 29.Rad1 Nb4 30.Bb1 f6
31.h3 Rg7 32.Re1 Kd8 33.Ne2 Bc8 34.Nf4 Re8 35.g4 Rge7 36.Ng6 Rf7 37.Kf2 Nc6
38.Bc2 Nb4 39.Nf4 Rfe7 40.Ba4 Bd7 41.Bxd7 Kxd7 42.Nh5 fxe5 43.Nf6+ Kd6 44.dxe5+ Kc5
45.Nxe8 Rxe8 46.e6 Kd6 47.h4 Nc6 48.Red1 d4 49.Rxd4+  1-0

[Event "1st Chess Scotland Int Op CC"]
[Site "Edinburgh SCO"]
[Date "2009.06.07"]
[Round "7"]
[White "McClement,A"]
[Black "Kafka,G"]
[Result "1-0"]
[WhiteElo "1850"]
[BlackElo "2104"]

1.Nf3 d5 2.c4 c6 3.d4 Nf6 4.g3 g6 5.Bg2 Bg7 6.O-O O-O 7.b3 Nbd7 8.Nbd2 Re8
9.Bb2 b6 10.Rc1 Bb7 11.Qc2 Rc8 12.e4 dxe4 13.Nxe4 c5 14.Nxf6+ Nxf6 15.dxc5 bxc5
16.Rcd1 Qb6 17.Rfe1 Rcd8 18.Rxd8 Qxd8 19.Rd1 Qa8 20.Ne1 Ne4 21.Bxg7 Kxg7
22.Rd7 f5 23.Qb2+ Kf7 24.Qe5 Qc8 25.Rc7 Qa8 26.Nd3 Nd6 27.Rxb7 Nxb7 28.Nxc5 Qd8
29.Bd5+ e6 30.Nxe6 Rxe6 31.Qxe6+  1-0

[Event "XXXI Nezhmetdinov Mem"]
[Site "Kazan RUS"]
[Date "2009.06.07"]
[Round "8"]
[White "Zaynutdinov,I"]
[Black "Sannikov,G"]
[Result "1/2-1/2"]
[WhiteElo "1922"]
[BlackElo "2046"]

1.Nf3 d5 2.c4 Nf6 3.cxd5 Nxd5 4.e4 Nb6 5.d4 g6 6.Nc3 Bg7 7.Be2 O-O 8.O-O Bg4
9.Be3 e6 10.h3 Bxf3 11.Bxf3 c6 12.e5 Na6 13.b3 Nc7 14.Ne4 Nbd5 15.Bg5 f6
16.exf6 Nxf6 17.Nc5 Qc8 18.Qc2 Nfd5 19.Rad1 Rxf3 20.gxf3 e5 21.dxe5 Qxh3
22.Qe4 Nc3 23.Qc4+ N7d5 24.Rxd5 Nxd5 25.Qg4 Qxg4+ 26.fxg4 Bxe5 27.Nxb7 Rf8
28.Na5 c5 29.Nc6 Bf4 30.Bxf4 Rxf4 31.f3 c4 32.bxc4 Rxc4 33.Nxa7 Ra4 34.Nc6 Rxa2
35.Rf2 Rxf2 36.Kxf2 Kf7 37.Kg3 Kf6 38.f4 Ke6 39.Kf3 h6 40.Ke4  1/2-1/2

[Event "XXXI Nezhmetdinov Mem"]
[Site "Kazan RUS"]
[Date "2009.06.08"]
[Round "9"]
[White "Gazizov,R"]
[Black "Bushkov,A"]
[Result "1/2-1/2"]
[WhiteElo "2202"]
[BlackElo "2293"]

1.Nf3 d5 2.c4 c6 3.e3 Nf6 4.Nc3 e6 5.b3 Nbd7 6.Bb2 Bd6 7.Be2 O-O 8.d4 b6
9.O-O Bb7 10.Qc2 Qe7 11.Rad1 Rad8 12.Bd3 e5 13.dxe5 Nxe5 14.Be2 dxc4 15.bxc4 Nfg4
16.Nxe5 Qxe5 17.g3 Qh5 18.Bxg4 Qxg4 19.e4 Qe6 20.Ne2 c5 21.f3 Bc6 22.Rd2 Be5
23.Bxe5 Qxe5 24.Rfd1 Rxd2 25.Qxd2 f5 26.Qd6 Qe8 27.Nc3 fxe4 28.fxe4 Qf7 29.Qxc6 Qf2+
30.Kh1 Qf3+ 31.Kg1 Qf2+ 32.Kh1  1/2-1/2

[Event "XXXI Nezhmetdinov Mem"]
[Site "Kazan RUS"]
[Date "2009.06.08"]
[Round "9"]
[White "Ivanov,NikolayA"]
[Black "Khairullin,A"]
[Result "1/2-1/2"]
[WhiteElo "1984"]
[BlackElo "1882"]

1.Nf3 d5 2.c4 e6 3.g3 f5 4.Bg2 Nf6 5.O-O Bd6 6.Nc3 c6 7.d3 O-O 8.e4 Bc7 9.e5 Nfd7
10.Re1 b6 11.cxd5 cxd5 12.Nb5 Ba6 13.Bg5 Qc8 14.Nxc7 Qxc7 15.Rc1 Qb7 16.Nd4 Re8
17.b4 b5 18.Qb3 Nb6 19.Rc2 h6 20.Bf4 Re7 21.Rec1 Kf7 22.h4 Qd7 23.Rc7 Qxc7
24.Rxc7 Rxc7 25.Nxf5 N8d7 26.Nd6+ Ke7 27.Qd1 Nf8 28.Bh3 Kd8 29.Qh5 Re7  1/2-1/2

[Event "TCh-BUL w"]
[Site "Sunny Beach BUL"]
[Date "2009.06.08"]
[Round "1"]
[White "Maksimovic,S"]
[Black "Dragomirescu,An"]
[Result "1/2-1/2"]
[WhiteElo "2299"]
[BlackElo "2206"]

1.Nf3 d5 2.c4 c6 3.g3 Nf6 4.Bg2 Bf5 5.O-O Nbd7 6.cxd5 cxd5 7.Nc3 e6 8.d3 Be7
9.Bf4 O-O 10.a3 Rc8 11.h3 h6 12.Rc1 Re8 13.Re1 Bh7 14.g4 a6 15.Nb1 Qb6 16.Rxc8 Rxc8
17.Qd2 Bc5 18.Bg3 Qc6 19.Bf4 Qb6 20.Bg3 Qc6 21.Bf4 Qb6 22.Bg3 Qc6 23.Bf4 Qb6
24.Bg3 Qc6 25.Bf4 Qb6  1/2-1/2

[Event "Open"]
[Site "Brescia ITA"]
[Date "2009.06.10"]
[Round "5"]
[White "Rotstein,A"]
[Black "Yakovich,Yur"]
[Result "0-1"]
[WhiteElo "2526"]
[BlackElo "2569"]

1.Nf3 d5 2.c4 e6 3.b3 d4 4.e3 c5 5.exd4 cxd4 6.g3 Nc6 7.Bg2 Bd6 8.O-O Nf6
9.Bb2 e5 10.a3 a5 11.Re1 O-O 12.b4 axb4 13.axb4 Rxa1 14.Bxa1 Re8 15.c5 Bb8
16.Qa4 Bd7 17.b5 Qa5 18.Qxa5 Nxa5 19.Na3 Nb3 20.c6 bxc6 21.b6 Be6 22.Nxe5 Bxe5
23.Rxe5 Rb8 24.Bb2 Rxb6 25.d3 h6 26.h3 Ra6 27.Re2 Nd5 28.Nc4 Nc3 29.Rc2 Bxc4
30.dxc4 Nd1 31.Be4 Nc5 32.Bf3 Nxb2 33.Rxb2 Kf8 34.Kg2 Ke7 35.Rd2 d3 36.h4 Ke6
37.Bh5 g6 38.Bg4+ Ke5  0-1

[Event "TCh-BUL w"]
[Site "Sunny Beach BUL"]
[Date "2009.06.10"]
[Round "3"]
[White "Yordanova,S"]
[Black "Velcheva,M"]
[Result "0-1"]
[WhiteElo "2220"]
[BlackElo "2254"]

1.Nf3 d5 2.c4 e6 3.d4 Nf6 4.g3 dxc4 5.Bg2 c6 6.O-O b5 7.a4 Bb7 8.Ne5 Qb6
9.e4 a6 10.Nc3 c5 11.d5 Bd6 12.f4 exd5 13.Nxd5 Nxd5 14.exd5 O-O 15.Bh3 Qd8
16.Bg2 Nd7 17.Nc6 Qc7 18.Bd2 b4 19.a5 Nf6 20.Qf3 Rac8 21.Rac1 Nxd5 22.Qxd5 Bxc6
23.Qxc6 Qxc6 24.Bxc6 Rxc6 25.Rxc4 Rc7 26.Re1 Rd8 27.b3 f5 28.Kf2 Kf7 29.Bc1 Be7
30.Re5 Bf6 31.Re2 Rd3 32.Be3 Rxb3 33.Rxc5 Rxc5 34.Bxc5 Rb1 35.Rd2 b3 36.Rd7+ Kg6
37.Rb7 b2 38.Ba3 Rh1 39.Bxb2 Rxh2+ 40.Kf3 Rxb2 41.Ra7 Rb3+ 42.Kg2 Kh5 43.Kh3 Bd4
44.Rxa6 Rb2  0-1

[Event "Maia Chiburdanidze Cup"]
[Site "Tbilisi GEO"]
[Date "2009.06.10"]
[Round "6"]
[White "Khotenashvili,B"]
[Black "Khukhashvili,S"]
[Result "1-0"]
[WhiteElo "2364"]
[BlackElo "2424"]

1.Nf3 d5 2.c4 d4 3.e3 c5 4.exd4 cxd4 5.d3 Nc6 6.g3 g6 7.Bg2 Bg7 8.O-O e5
9.b4 e4 10.Re1 Nge7 11.Rxe4 Nxb4 12.Bg5 Nc6 13.Na3 O-O 14.Qd2 Bf5 15.Ree1 Re8
16.h4 a6 17.Rab1 Qd6 18.Rb3 Qc5 19.Nb1 f6 20.Bf4 Na5 21.Rb2 Nec6 22.Rxe8+ Rxe8
23.Bc7 Nxc4 24.dxc4 Qxc4 25.Rxb7 Re7 26.Qb2 Bc8 27.Nfd2 Qe6 28.Qb6 Bxb7 29.Qxb7 Qd7
30.Qa8+ Bf8 31.Bf4 Nd8 32.Qxa6 Re1+ 33.Kh2 Ne6 34.Bb8 Kg7 35.a4 Nc5 36.Qb5 Qxb5
37.axb5 Na4 38.Bc7 Bc5 39.Bc6 Nc3 40.Nb3 Nxb5 41.Bxb5 Rxb1 42.Bc4 Ba7 43.Kg2 Rb2
44.Bf4 h6 45.Bd2 g5 46.hxg5 fxg5 47.Kf3 Kf6 48.g4 Ke5 49.Ke2 Rb1 50.Na5 Kd6
51.Bd3 Rb8 52.Bf5 Kc5 53.Kd3 Rb1 54.Be4 Kd6 55.Nc6 Bb6 56.Nxd4 Rf1 57.f3 Ke5
58.Nf5 Rd1 59.Ke2 Rh1 60.Ng3 Rh2+ 61.Kd3 Ke6 62.Bb4 Bc7 63.Nh5 Bd6 64.Bf5+ Ke7
65.Bc3 Kf7 66.Bd7 Bf8 67.Be5 Rh1 68.Ke4 Rf1 69.Bc6 Rc1 70.Bd7 Rf1 71.Ng3 Rd1
72.Ba4 Rc1 73.Kf5 Rc5 74.Bb3+ Ke7 75.Ke4 Rb5 76.Nf5+ Kd8 77.Bf6+ Kc7 78.Nd4 Rb4
79.Kf5 Kd7 80.Be6+ Ke8 81.Bd5 Bc5 82.Ne6 Be7 83.Bg7 Kd7 84.Nd4 Bc5 85.Ne2 Rb6
86.Ng3 Be7 87.Ke4 Rb4+ 88.Kd3 Rb1 89.Bxh6 Rd1+ 90.Ke4 Bd6 91.Nh5 Re1+ 92.Kf5 Re5+
93.Kg6 Be7 94.Be4 Re6+ 95.Kh7 Rb6 96.Bg7 Bd8 97.Be5 Ke6 98.Bd4 Rb4 99.Bg7 Kf7
100.Bd5+ Ke8 101.Nf6+ Ke7 102.Ne4 Kd7 103.Kg6 Rb6+ 104.Kf7 Rb5 105.Be6+ Kc7
106.Bf6 Ra5 107.Bxd8+ Kxd8 108.Kf6  1-0

[Event "zt 2.5 w"]
[Site "Asuncion PAR"]
[Date "2009.06.12"]
[Round "4"]
[White "Lujan,C"]
[Black "Vargas,Ga"]
[Result "1-0"]
[WhiteElo "2324"]
[BlackElo "2090"]

1.Nf3 d5 2.c4 e6 3.b3 Nf6 4.g3 Be7 5.Bg2 O-O 6.O-O b6 7.e3 Bb7 8.Qe2 c5 9.Bb2 Nbd7
10.d3 Qc7 11.Nbd2 e5 12.cxd5 Nxd5 13.e4 Nb4 14.Nc4 Nc6 15.Ne3 Rac8 16.Bh3 Rcd8
17.Rac1 Qb8 18.Nf5 Rfe8 19.Ne1 Bf8 20.Nh6+ gxh6 21.Bxd7 Rxd7 22.Qg4+ Bg7
23.Qxd7 Re6 24.f4 Bc8 25.Qd5 Bb7 26.Qc4 Nb4 27.Rd1 Ba6 28.Qc3 Nxa2 29.Qd2 Nb4
30.f5 Rd6 31.f6 Bxf6 32.Qxh6 Bg7 33.Qh5 Qe8 34.Rf5 Nxd3 35.Nxd3 Rxd3 36.Rxd3 Bxd3
37.Bxe5 Bxe4 38.Qg4 f6 39.Rxf6 Bg6 40.Re6 Qd8 41.Rd6 Qe8 42.Bxg7 Qe1+ 43.Kg2 Qe4+
44.Qxe4 Bxe4+ 45.Kf2 Kxg7 46.Rd7+ Kg8 47.Rxa7 Bd5 48.Ra6 Bxb3 49.Rxb6 Bf7
50.Rc6 c4 51.Ke3 Kg7 52.Kf4 h6 53.Kf5 h5 54.Kg5 Kg8 55.Kf6 Bd5 56.Rc5 Bf3
57.Rxc4  1-0

[Event "TCh-BUL"]
[Site "Sunny Beach BUL"]
[Date "2009.06.12"]
[Round "5"]
[White "Arnaudov,G"]
[Black "Mladenov,I"]
[Result "1-0"]
[WhiteElo "2449"]
[BlackElo "2237"]

1.Nf3 d5 2.c4 c6 3.d4 Nf6 4.e3 e6 5.b3 Nbd7 6.Bd3 Be7 7.O-O O-O 8.Bb2 b6
9.Nbd2 Bb7 10.e4 dxe4 11.Nxe4 c5 12.Qc2 Nxe4 13.Bxe4 Bxe4 14.Qxe4 Nf6 15.Qc2 Qc7
16.Rad1 cxd4 17.Bxd4 Rfd8 18.Ng5 h6 19.Nf3 Rac8 20.Qe2 Qb7 21.Rfe1 Nd7 22.Rd3 Nc5
23.Re3 Nd7 24.Rd1 Bf6 25.Bxf6 Nxf6 26.Red3 Qc7 27.Qe5 Rxd3 28.Rxd3 Qxe5 29.Nxe5 b5
30.Rd6 bxc4 31.Nxc4 Nd5 32.g3 Rc7 33.Kf1 Kf8 34.h4 Ke7 35.Ra6 Nb4 36.Ra5 Nd5
37.Ke2 g5 38.hxg5 hxg5 39.Ne5 f6 40.Nf3 Nb4 41.Nd4 e5 42.Nf5+ Ke6 43.Ne3 Kd6
44.Ra4 Rb7 45.Kf3 Ke6 46.g4 Kf7 47.Ke4 Nc6 48.Ra6 Nd4 49.Nc4 Rd7 50.Nd6+ Kg6
51.f3 Rc7 52.Ne8 Rc6 53.Rxa7 Rc8 54.Rg7+ Kh6 55.Re7  1-0

[Event "Open"]
[Site "Varna BUL"]
[Date "2009.06.12"]
[Round "1"]
[White "Dimitrov,R"]
[Black "Peronczyk,K"]
[Result "1-0"]
[WhiteElo "2388"]
[BlackElo "1632"]

1.Nf3 d5 2.c4 e6 3.g3 Nf6 4.Bg2 c6 5.d4 Bd6 6.Nc3 Nbd7 7.Qb3 O-O 8.O-O Qe7
9.Re1 Ne4 10.Nxe4 dxe4 11.Ng5 f5 12.c5 Nxc5 13.dxc5 Bxc5 14.Be3 Bxe3 15.Qxe3 e5
16.f3 Kh8 17.Nh3 f4 18.Qxe4 Qc5+ 19.Nf2 Bf5 20.Qa4 b5 21.Qb3 a5 22.Rac1 Qb6
23.Qc3  1-0

[Event "Open"]
[Site "Teplice CZE"]
[Date "2009.06.13"]
[Round "1"]
[White "Safr,J2"]
[Black "Friml,A"]
[Result "0-1"]
[WhiteElo "1631"]
[BlackElo "2162"]

1.Nf3 d5 2.c4 Nf6 3.b3 e6 4.Bb2 Be7 5.g3 Nbd7 6.Bg2 O-O 7.d3 c6 8.Nbd2 b6
9.Rc1 Bb7 10.Rc2 c5 11.O-O d4 12.Re1 Qc7 13.e3 dxe3 14.Rxe3 Rad8 15.Qa1 Ne8
16.Ne4 f6 17.Re1 e5 18.Nh4 f5 19.Nd2 Bxh4 20.gxh4 Bxg2 21.Kxg2 Qc6+ 22.Kh3 Ndf6
23.Re3 Ng4 24.Rf3 Rxd3 25.Rxd3 Nxf2+ 26.Kg3 Nxd3 27.Bxe5 f4+  0-1

[Event "TCh-BUL"]
[Site "Sunny Beach BUL"]
[Date "2009.06.14"]
[Round "7"]
[White "Milchev,N"]
[Black "Tsvetkov,I"]
[Result "0-1"]
[WhiteElo "2346"]
[BlackElo "2381"]

1.Nf3 d5 2.c4 e6 3.g3 Nf6 4.Bg2 dxc4 5.Qa4+ c6 6.Qxc4 b5 7.Qc2 Bb7 8.O-O c5
9.a4 a6 10.Na3 Qb6 11.d3 Nbd7 12.e4 Be7 13.Bf4 O-O 14.Qb3 Bc6 15.axb5 axb5
16.Rac1 Qb7 17.Nc2 c4 18.dxc4 Nc5 19.Qe3 Bxe4 20.Nce1 bxc4 21.Rxc4 Nd5 22.Qe2 Nxf4
23.gxf4 Ra4 24.Ne5 Rxc4 25.Qxc4 Bxg2 26.Nxg2 Qxb2 27.Nc6 Qb7 28.Nxe7+ Qxe7
29.Ra1 Nb7 30.Ra7 Qc5 31.Qxc5 Nxc5 32.Ne3 g6 33.Kg2 Rb8 34.Rc7 Nd3 35.Kg3 Rb3
36.Rc8+ Kg7 37.Rc7 h5 38.h4 Rb4 39.Ra7 Rb5 40.Ng2 Rb2 41.Ne3 Nxf2 42.Nc4 Ne4+
43.Kh3 Rf2 44.Ne5 Rxf4  0-1

[Event "TCh-BUL"]
[Site "Sunny Beach BUL"]
[Date "2009.06.14"]
[Round "7"]
[White "Kukov,V"]
[Black "Vasilev,M"]
[Result "0-1"]
[WhiteElo "2357"]
[BlackElo "2487"]

1.Nf3 d5 2.c4 dxc4 3.e3 Nf6 4.Bxc4 e6 5.O-O Be7 6.d4 O-O 7.Nc3 a6 8.a4 c5
9.Qe2 Nc6 10.Rd1 Qb6 11.Ba2 Rd8 12.dxc5 Rxd1+ 13.Qxd1 Bxc5 14.Nd2 Qb4 15.Qc2 Bd7
16.Bb1 Rc8 17.Nde4 Nxe4 18.Qxe4 f5 19.Qxb4 Bxb4 20.Bd2 Ne5 21.Ba2 Nd3 22.Rb1 Kf7
23.Kf1 Nc5 24.a5 Nd3 25.Ke2 Ne5 26.f4 Nc6 27.Na4 Bxd2 28.Nc5 Rc7 29.Kxd2 Nb4
30.Nd3 Nxd3 31.Kxd3 Bc6 32.Rg1 Be4+ 33.Kd4 Kf6 34.Bc4 Bd5 35.b3 Rd7 36.Kc3 Bc6
37.g3 e5 38.g4 exf4 39.exf4 fxg4 40.Rxg4 Kf5 41.Rh4 g6 42.Kb4 h5 43.Kc5 Bg2
44.b4 Rd8 45.b5 axb5 46.Bxb5 Rd5+ 47.Kb6 Rd4 48.Be8 Rd6+ 49.Kc5 Rd8 50.Ba4 Ra8
51.Kb4 Rd8 52.Kc5 Rd2 53.Be8 Be4 54.Kb6 Rd8 55.Bb5 Bf3 56.Kc7 Rd4 57.Bd7+ Kf6
58.Bb5 Rb4 59.Be8 Bg4 60.h3 Bf5 61.Kd6 Rc4 62.Bb5 Rc3 63.Bf1 Ra3 64.Kc7 Rxa5
65.Kxb7 Rc5 66.Kb6 Rc1 67.Be2 Rc8 68.Kb7 Re8 69.Bd1  0-1

[Event "TCh-BUL w"]
[Site "Sunny Beach BUL"]
[Date "2009.06.14"]
[Round "7"]
[White "Olarasu,G"]
[Black "Andreeva,V"]
[Result "1-0"]
[WhiteElo "2272"]
[BlackElo "1894"]

1.Nf3 d5 2.c4 Nf6 3.cxd5 Nxd5 4.d4 g6 5.e4 Nb6 6.h3 Bg7 7.Nc3 O-O 8.Be3 N8d7
9.Qd2 Re8 10.Rd1 Nf6 11.Be2 Bd7 12.b3 a5 13.a4 Bh8 14.O-O Nh5 15.d5 Qc8 16.Nh2 Ng7
17.g4 Rb8 18.Rc1 Na8 19.Ba7 Rd8 20.Qg5 f6 21.Qe3 Be8 22.Bxb8 Qxb8 23.Qc5 Kf8
24.Qxa5 Bd7 25.Nf3 Ne8 26.Nb5 c6 27.dxc6 Bxc6 28.Nbd4 Bd7 29.Bb5 Nd6 30.Bxd7 Rxd7
31.e5 fxe5 32.Nxe5 Bxe5 33.Qxe5 Qa7 34.Ne6+ Kf7 35.Qg7+ Kxe6 36.Rfe1+  1-0

[Event "XXVII Open A"]
[Site "Balatonlelle HUN"]
[Date "2009.06.15"]
[Round "3"]
[White "Habibi,Al"]
[Black "Wegerer,J"]
[Result "1/2-1/2"]
[WhiteElo "2290"]
[BlackElo "2071"]

1.Nf3 d5 2.c4 c6 3.e3 Nf6 4.b3 Bg4 5.Bb2 e6 6.Be2 Nbd7 7.O-O Be7 8.h3 Bh5
9.d4 O-O 10.Nbd2 a5 11.Qc2 Bg6 12.Bd3 Bxd3 13.Qxd3 a4 14.e4 dxe4 15.Nxe4 Nxe4
16.Qxe4 Bf6 17.Qe3 axb3 18.axb3 Qc7 19.g4 g6 20.g5 Bg7 21.Kg2 Rfe8 22.Rfe1 c5
23.h4 b6 24.Qe4 Rxa1 25.Bxa1 cxd4 26.Nxd4 Nc5 27.Qf3 Rd8 28.Nb5 Qd7 29.Bxg7 Kxg7
30.h5 gxh5 31.Nc3 Qb7 32.Ne4 Nxe4 33.Rxe4 Kg8 34.Qe3 Rd1 35.Kh2 Qc7+ 36.Qg3 Qxg3+
37.Kxg3 Rb1 38.Re3 Kg7 39.Kf4  1/2-1/2

[Event "13th Master Open"]
[Site "Voronezh RUS"]
[Date "2009.06.18"]
[Round "7"]
[White "Zablotsky,S"]
[Black "Lysyj,I"]
[Result "0-1"]
[WhiteElo "2540"]
[BlackElo "2617"]

1.Nf3 d5 2.c4 d4 3.e3 Nc6 4.exd4 Nxd4 5.Nxd4 Qxd4 6.Nc3 c6 7.d3 Nh6 8.Be3 Qd8
9.d4 Nf5 10.Qd2 g6 11.Be2 Bg7 12.O-O-O O-O 13.g4 Nxe3 14.Qxe3 b5 15.h4 Qa5
16.h5 b4 17.Ne4 Qxa2 18.hxg6 hxg6 19.Ng5 b3 20.f4 Rd8 21.Qxe7 Qa1+ 22.Kd2 Qxb2+
23.Ke1 Be6 24.Nxe6 Re8 25.Qb7 Rab8 26.Qxa7 fxe6 27.Kf2 Rbd8 28.Kf3 Qc3+ 29.Ke4 b2
30.Qb7 Rxd4+ 31.Rxd4 Qxd4+ 32.Kf3 Rf8 33.Qc7 g5 34.Kg2 Qe4+ 35.Bf3 Qc2+  0-1

[Event "Open"]
[Site "Albena BUL"]
[Date "2009.06.20"]
[Round "1"]
[White "Spiridonov,Niko1"]
[Black "Genchev,M"]
[Result "1-0"]
[WhiteElo "2359"]
[BlackElo "2273"]

1.Nf3 d5 2.c4 c6 3.e3 Nf6 4.b3 g6 5.Bb2 Bg7 6.d3 O-O 7.Nbd2 Bg4 8.Be2 Nbd7
9.O-O Re8 10.Ne5 Bxe2 11.Qxe2 Nxe5 12.Bxe5 Nd7 13.Bxg7 Kxg7 14.Nf3 e5 15.Qb2 Kg8
16.Rfd1 Qe7 17.cxd5 cxd5 18.Rac1 Rac8 19.Rxc8 Rxc8 20.Rc1 Rc6 21.h3 f6 22.a3 Nc5
23.Qb1 a5 24.d4 e4 25.Rxc5 Rxc5 26.dxc5 exf3 27.b4 fxg2 28.Qd3 axb4 29.axb4 Qe4
30.Qxe4 dxe4 31.b5 Kf7 32.b6 Ke7 33.c6 bxc6 34.b7  1-0